[Event "Bremen-ch op"]
[Site "Bremen"]
[Date "2016.03.21"]
[Round "4"]
[White "Bruening, Martin"]
[Black "Frankenberg, Lea Marie"]
[Result "1-0"]
[WhiteElo "1777"]
[BlackElo "1000"]
[PlyCount "61"]
[EventDate "2016.03.19"]
[EventType "swiss"]
[EventRounds "9"]
[EventCountry "GER"]
[SourceTitle "EXT 2018"]
[Source "ChessBase"]
[SourceDate "2017.10.13"]
[SourceVersion "1"]
[SourceVersionDate "2017.10.13"]
[SourceQuality "1"]

1. d4 d5 2. c4 Nf6 3. cxd5 Nxd5 4. e4 Be6 5. exd5 Bxd5 6. Nc3 Bc6 7. d5 Bd7 8. Nf3 c5 9. dxc6 Nxc6 10. Bf4 e6 11. Be2 Bb4 12. Rc1 0-0 13. 0-0 Qe7 14. a3 Bc5 15. b4 Bb6 16. Bd6 Qf6 17. Bxf8 Rxf8 18. Qxd7 Rb8 19. Qd2 Rd8 20. Qg5 Bd4 21. Qxf6 Bxf6 22. Rfd1 Re8 23. Rd7 Nb8 24. Rxb7 a6 25. Ne4 Bb2 26. Rcc7 Bxa3 27. Rxf7 Rc8 28. Rxg7+ Kf8 29. Rbf7+ Ke8 30. Nd6+ Kd8 31. Rg8# 1-0

[Event "Bremen-ch op"]
[Site "Bremen"]
[Date "2016.03.19"]
[Round "1"]
[White "Klemm, Robert"]
[Black "Frankenberg, Lea Marie"]
[Result "1-0"]
[WhiteElo "1852"]
[BlackElo "1000"]
[PlyCount "65"]
[EventDate "2016.03.19"]
[EventType "swiss"]
[EventRounds "9"]
[EventCountry "GER"]
[SourceTitle "EXT 2018"]
[Source "ChessBase"]
[SourceDate "2017.10.13"]
[SourceVersion "1"]
[SourceVersionDate "2017.10.13"]
[SourceQuality "1"]

1. d4 d5 2. Nf3 Nc6 3. g3 Nf6 4. Bg2 e6 5. 0-0 Bd6 6. c4 0-0 7. Nc3 dxc4 8. Qa4 Bd7 9. Qxc4 Na5 10. Qd3 Ng4 11. e4 Nc6 12. h3 Nb4 13. Qe2 Nf6 14. e5 Be7 15. exf6 Bxf6 16. Bf4 Qc8 17. Ne4 Be7 18. a3 Nc6 19. b4 a6 20. Qd3 b5 21. Neg5 Bxg5 22. Nxg5 g6 23. Rac1 a5 24. Bxc6 Ra6 25. Bxd7 Qxd7 26. Rxc7 Qd5 27. Rc5 Qa2 28. Qxb5 Raa8 29. Qd7 Rad8 30. Qe7 Rxd4 31. Be5 Rdd8 32. Qf6 Qxa3 33. Qg7# 1-0